Kamus Komprehensif Federal : Bahasa Melayu - Bahasa Inggeris - Bahasa Melayu

Bibliographic Details
Other Authors: Mohd Salleh Daud (Editor)
Format: Book
Language:Malay
Published: Kuala Lumpur : Federal Publications 1993
Subjects:

MARC

LEADER 00000cam a2200000 7i4500
001 0000003828
005 20240912.0
008 991207 my may
020 |a 9679146278 (pbk) 
040 |a INS   |b eng   |e rda 
090 0 0 |a RPL5091   |b .K36 1993 
245 0 0 |a Kamus Komprehensif Federal :   |b Bahasa Melayu - Bahasa Inggeris - Bahasa Melayu   |c penyusun Mohd Salleh Daud 
264 1 |a Kuala Lumpur :   |b Federal Publications   |c 1993 
300 |a xv, 635 pages ;   |c 21 cm. 
336 |a text  |2 rdacontent 
337 |a unmediated  |2 rdamedia 
338 |a volume  |2 rdacarrier 
650 0 |a English language   |x Dictionaries   |x Malay 
650 0 |a Malay language   |x Dictionaries   |x English Language 
700 0 |a Mohd Salleh Daud ,   |e editor 
999 |a 0000005227   |b BOOK   |c Red Spot   |e Default branch